|
|
|
|
| LEADER |
00000nam a2200000 i 4500 |
| 001 |
DIGUCANT0020 |
| 003 |
NyNyDIG |
| 008 |
200721s2015 sp o 000 0 spa d |
| 006 |
m o d |
| 007 |
cr ||||||||||| |
| 035 |
|
|
|a (OCoLC)959983355
|
| 040 |
|
|
|a DGITA
|b eng
|e rda
|e pn
|c DGITA
|
| 020 |
|
|
|a 9788481027396
|q eBook
|q pdf
|
| 020 |
|
|
|a 8481027391
|q eBook
|q pdf
|
| 020 |
|
|
|z 9788481022346
|q rústica
|
| 020 |
|
|
|z 8481022349
|q rústica
|
| 043 |
|
|
|a a-ph---
|
| 050 |
1 |
4 |
|a DS674 ebook
|
| 082 |
0 |
4 |
|a 959.902
|
| 100 |
1 |
|
|a Escalante Alvarado, García de,
|e author.
|
| 240 |
1 |
0 |
|a Relación del viaje de Ruy de Villalobos al descubrimiento de las islas de Poniente.
|
| 245 |
1 |
0 |
|a Relación del viaje que hizo desde Nueva España a las Islas del Poniente, después Filipinas, Ruy López de Villalobos, de orden del Virrey de Nueva España, Don Antonio de Mendoza /
|c García de Escalante Alvarado ; estudio preliminar, Carlos Martínez Shaw.
|
| 246 |
1 |
4 |
|a Viaje a las Islas del Poniente
|
| 264 |
|
1 |
|a Santander :
|b Editorial Universidad de Cantabria,
|c 2015
|
| 300 |
|
|
|a 1 online resource.
|
| 336 |
|
|
|a text
|b txt
|2 rdacontent
|
| 337 |
|
|
|a computer
|b c
|2 rdamedia
|
| 338 |
|
|
|a online resource
|b cr
|2 rdacarrier
|
| 347 |
|
|
|a text file
|2 rdaft
|
| 347 |
|
|
|b PDF
|
| 490 |
1 |
|
|a Colección Difunde ;
|v #57
|
| 490 |
1 |
|
|a Colección Cantabria 4 estaciones ;
|v 10
|
| 588 |
0 |
|
|a Online resource; title from PDF title page (Digitalia, viewed July 21, 2020)
|
| 600 |
1 |
0 |
|a Villalobos, Ruy López de,
|d 1500?-1544
|x Travel
|z Philippines.
|
| 651 |
|
0 |
|a Philippines
|x History
|y 1521-1812.
|
| 651 |
|
0 |
|a Philippines
|x Description and travel.
|
| 600 |
1 |
0 |
|a Mendoza, Antonio de,
|d 1492?-1552.
|
| 655 |
|
0 |
|a Electronic books.
|
| 700 |
1 |
|
|a Martínez Shaw, Carlos,
|e editor.
|
| 791 |
2 |
|
|a Digitalia (Firm),
|e distributor.
|
| 793 |
0 |
|
|g Digitalia eBook Collection:
|a Universidad de Cantabria
|
| 776 |
0 |
8 |
|i Print version:
|a Escalante Alvarado, García de.
|t Relación del viaje que hizo desde Nueva España a las Islas del Poniente, después Filipinas, Ruy López de Villalobos, de orden del Virrey de Nueva España, Don Antonio de Mendoza .
|d Santander : Editorial Universidad de Cantabria, 1999
|z 9788481022346
|w (OCoLC)42474117
|
| 830 |
|
0 |
|a Colección Difunde ;
|v 57.
|
| 830 |
|
0 |
|a Cantabria 4 estaciones ;
|v 10.
|
| 856 |
4 |
0 |
|3 Digitalia Hispánica
|u https://www.digitaliapublishing.com/a/38743/
|
| 910 |
|
|
|a Premium collection: 2020
|